Dexter Characters Quiz Stats

 Plays Quiz not verified by Sporcle

Score 0/18 Timer 08:00
0 Plays Today
Job Character % Correct
Blood Spatter Analyst Dexter Morgan
96.2%
Sergent Angel
91.4%
Hotel Desk/HousewifeRita
89.6%
LieutenantMaria
88.3%
FBI Manhunter (Deceased)Frank
84%
ChildCody
83.8%
Sergent (Deceased)James
83.4%
Lead Forensic InvestigatorVince
80.1%
Doctor/Ice Truck Killer (Deceased)Rudy
78.3%
Job Character % Correct
ChildAstor
76.1%
DetectiveJoseph
74.4%
Trinity KillerArthur
68.5%
Assistant District Attorney (Deceased)Miguel
67.1%
Artist (Deceased)Lila
66.9%
DetectiveDeb Morgan
66.5%
Musician/C.I.Anton
65.4%
Drug Dealer (Deceased)Freebo
39.3%
Detective (Deceased)Harry Morgan
20.5%

You're not logged in!

Compare scores with friends on all Sporcle quizzes.
OR
Log In

Show Comments

Extras

Top Quizzes Today


Score Distribution

Your Account Isn't Verified!

In order to create a playlist on Sporcle, you need to verify the email address you used during registration. Go to your Sporcle Settings to finish the process.

Report this User

Report this user for behavior that violates our Community Guidelines.

Details: